Bridge Modification: Proceedings of the Conference Bridge Modification Organized by the Institution of Civil Engineers, London (Record no. 13480)

000 -LEADER
fixed length control field 00392 a2200109 4500
008 - FIXED-LENGTH DATA ELEMENTS--GENERAL INFORMATION
fixed length control field 250814b ||||| |||| 00| 0 eng d
020 ## - INTERNATIONAL STANDARD BOOK NUMBER
International Standard Book Number 9780727720283
100 ## - MAIN ENTRY--PERSONAL NAME
Personal name Brian Pritchard
245 ## - TITLE STATEMENT
Title Bridge Modification: Proceedings of the Conference Bridge Modification Organized by the Institution of Civil Engineers, London
260 ## - PUBLICATION, DISTRIBUTION, ETC. (IMPRINT)
Name of publisher, distributor, etc ‎ Institution of Civil Engineers
Date of publication, distribution, etc 1995
942 ## - ADDED ENTRY ELEMENTS (KOHA)
Source of classification or shelving scheme
Holdings
Withdrawn status Lost status Source of classification or shelving scheme Damaged status Not for loan Permanent location Current location Date acquired Source of acquisition Cost, normal purchase price Barcode Date last seen Cost, replacement price Price effective from Koha item type
          BMS College of Architecture, Design and Planning BMS College of Architecture, Design and Planning 2025-08-30 10 2379.30 AR-UG4306 2025-08-30 3399.00 2025-08-30 UG Books
Copyright © 2025, The Librarian, Library and Information Centre, BMSCA D&P, Bengaluru. All Rights Reserved
web counter

Powered by Koha